000 01311nam a22003017a 4500
999 _c15842
_d15842
005 20210204104223.0
010 _aB-321232 B-310699-718 B-355144 B-736825
020 _a9780143031031
_c399.00
035 _aB-321232
035 _aB-310699-718
035 _aB-355144
035 _aB-736825
037 _aUBH
_bRP-CL-ENG E:14/17.03.09/374/19.03.09/19.03.09, GDMK
037 _bGift/Eng/03-02-2021
082 _a954
100 _aNehru, Jawaharlal
245 _aThe discovery of India /
_cby Jawaharlal Nehru
260 _aNew Delhi
_bPenguin Books
_c2004
270 _a11 Community Centre, Panchsheel Park
_bNew Delhi
_e110017
300 _axiv, 642p.
_c23cm(pbk)
490 _aModern classics
500 _aincludes index
942 _2ddc
_cEN
_h954
_mNEH